Plauto y la educación romana / (Record no. 63054)

MARC details
000 -LEADER
campo de control de longitud fija 00641nam a2200205 i 4500
001 - NÚMERO DE CONTROL
campo de control 63054
003 - IDENTIFICADOR DE NÚMERO DE CONTROL
campo de control ES-MaACL
005 - FECHA Y HORA DE LA ÚLTIMA TRANSACCIÓN
campo de control 20250828061410.0
007 - CAMPO FIJO DE DESCRIPCIÓN FÍSICA--INFORMACIÓN GENERAL
campo de control de longitud fija t|
008 - DATOS DE LONGITUD FIJA--INFORMACIÓN GENERAL
campo de control de longitud fija 031128s1954 sp |||| | spa d
100 1# - ENTRADA PRINCIPAL--NOMBRE DE PERSONA
Nombre de persona Fernández Pousa, Ramón
9 (RLIN) 50010
245 10 - MENCIÓN DEL TÍTULO
Título Plauto y la educación romana /
Mención de responsabilidad, etc. por Ramón Fernández Pousa.
260 ## - PUBLICACIÓN, DISTRIBUCIÓN, ETC.
Lugar de publicación, distribución, etc. [S.l. :
Nombre del editor, distribuidor, etc. s.n.,
Fecha de publicación, distribución, etc. 1954]
300 ## - DESCRIPCIÓN FÍSICA
Extensión 22 p. ;
Dimensiones 24 cm.
595 ## -
-- Separata de: Revista de archivos, bibliotecas y museos, t. 60, n. 1, 1954.
600 04 - PUNTO DE ACCESO ADICIONAL DE MATERIA--NOMBRE DE PERSONA
Nombre de persona Plauto, Tito Maccio.
9 (RLIN) 92613
650 #7 - PUNTO DE ACCESO ADICIONAL DE MATERIA--TÉRMINO DE MATERIA
Término de materia o nombre geográfico como elemento de entrada Educación romana
Fuente del encabezamiento o término embne
9 (RLIN) 170824
852 ## - LOCALIZACIÓN
Ubicación ES-MaACL
Número de control de estantería 1963-F-3
Holdings
Estatus retirado Estado de pérdida Estado de daño No para préstamo Colección Biblioteca de origen Biblioteca actual Ubicación en estantería Fecha de adquisición Fuente de adquisición Total de préstamos Signatura topográfica completa Código de barras Visto por última vez Precio de reemplazo Tipo de ítem Koha
        Colección de folletos Biblioteca del Ateneo de Madrid Biblioteca del Ateneo de Madrid Depósito folletos 17/01/2008     1963-F-3 1066102 23/02/2023 23/02/2023 Folleto